LEADER 01064nam a2200253 i 4500 001 000000159509 003 CaOOAMICUS 005 20110124000000.0 008 110124s1891 fr u000 u fre u 013 $a136872 040 $aSeMil$bita 100 1 $aVillefranche, Jacques-Melchior,$d<1829-1904>.$0(OLS)http://semarc/name/14359 245 13$aLe Concordat, qu'on l'observe loyalement ou qu'on le dénonce! /$cpar J.-M. Villefranche. 250 $a3. éd. 260 $aLyon :$bEmmanuel Vitte,$c1891$e(Bourg :$fImpr. Villefranche,$g1891) 260 $aParis :$bBloud & Barral,$c1891. 300 $a164 p. ;$c19 cm. 773 0 $t[Miscellanea.$w()14977 850 $aSeMil 852 $aSeMil$W1$xVenegono$y1$m5A I 8/1 FA$j111066$B111066$CSeMilBibl$Z2$F120674 $8I 961 $aLascito: Altro 996 $6245$aLe Concordat, qu'on l'observe loyalement ou qu'on le dénonce!$9(OLS)http://semarc/title/141584 996 $6260$aParis :$bBloud & Barral$9(OLS)http://semarc/publisher/33740 996 $6260$aLyon :$bEmmanuel Vitte$9(OLS)http://semarc/publisher/40796 LEADER 01529nam a2200337 i 4500 001 000000115657 003 CaOOAMICUS 005 20230307103350.0 008 050216s2001 it u000 u mul u 020 $a88-04-46808-4 040 $aSeMil$bita 100 0 $aAristophanes,$d<445-385 a.C.>.$0(OLS)http://semarc/name/3333 240 10$aThesmophoriazusae.$0(OLS)http://semarc/title/433376 245 13$aLe donne alle Tesmoforie /$ca cura di Carlo Prato ; Traduzione di Dario Del Corno. 264 1$a[Milano] :$bFondazione Lorenzo Valla :$bMondadori,$c2001. 300 $aLXXXV, 372 p. ;$c21 cm. 490 1 $aScrittori greci e latini 546 $aTesto greco a fronte 700 1 $aDel Corno, Dario,$d<1933-2010>.$0(OLS)http://semarc/name/8755 700 1 $aPrato Carlo.$0(OLS)http://semarc/name/48307 773 0 $aAristophanes <445-385 a.C.>$tCommedie.$d[Milano] : Fondazione Lorenzo Valla : Mondadori, 1989-$kScrittori greci e latini$w()11370 830 0$aScrittori greci e latini.$0(OLS)http://semarc/title/137 850 $aSeMil 852 $aSeMil$W1$xVenegono$y1$m1ZA A 12/7$j238202$B71164$CSeMilBibl$Z2$F93713 $81 900 0 $aAristofane. 961 $aOmaggio: Rimoldi mons. Antonio 996 $6020$a88-04-46808-4$9(OLS)http://semarc/number/99503 996 $6245$aLe donne alle Tesmoforie$9(OLS)http://semarc/title/169438 996 $6264$a[Milano] :$bFondazione Lorenzo Valla :$bMondadori$9(OLS)http://semarc/publisher/58097